[Event "42. Torneo Capablanca In Memoriam-Open"]
[Site "La Habana CUB"]
[Date "2007.05.20"]
[Round "3.38"]
[White "Siebrecht, Sebastian"]
[Black "Altamirano Gonzalez, Yehudi"]
[Result "1/2-1/2"]
[WhiteElo "2464"]
[BlackElo "2138"]
[PlyCount "76"]
[EventDate "2007.05.18"]
[EventType "swiss"]
[EventRounds "9"]
[EventCountry "CUB"]
[Source "lmi"]
[SourceDate "2007.05.18"]

1. Nf3 Nf6 2. d4 c5 3. d5 g6 4. Nc3 Bg7 5. e4 d6 6. Bb5+ Nbd7 7. a4 O-O 8. O-O
Ne8 9. Bf4 Nc7 10. Re1 Nxb5 11. axb5 Qc7 12. Qd2 Re8 13. Bh6 Bh8 14. Qf4 Ne5
15. Nd2 Bd7 16. Qh4 Qb6 17. Bg5 f6 18. Be3 Bxb5 19. b4 Bd7 20. bxc5 Qb2 21. Ne2
Ng4 22. c6 bxc6 23. dxc6 Bc8 24. Rab1 Qxc2 25. Nd4 Qc3 26. Nb5 Qxc6 27. Nxa7
Qd7 28. Nc4 Qe6 29. Nb6 Bb7 30. Nxa8 Bxa8 31. Rbc1 Nxe3 32. Rxe3 f5 33. Rce1
fxe4 34. Nb5 Bf6 35. Qh6 Bg7 36. Qh4 Bf6 37. Qh6 Bg7 38. Qh4 Bf6 1/2-1/2

[Event "42. Torneo Capablanca In Memoriam-Open"]
[Site "La Habana CUB"]
[Date "2007.05.20"]
[Round "3.39"]
[White "Valdes, Alejandro"]
[Black "Ramon Pita, Vivian"]
[Result "0-1"]
[WhiteElo "2121"]
[BlackElo "2259"]
[PlyCount "122"]
[EventDate "2007.05.18"]
[EventType "swiss"]
[EventRounds "9"]
[EventCountry "CUB"]
[Source "lmi"]
[SourceDate "2007.05.18"]

1. e4 e5 2. Nf3 Nc6 3. d4 exd4 4. Nxd4 Nf6 5. Nxc6 bxc6 6. e5 Qe7 7. Qe2 Nd5 8.
c4 Nb6 9. Nc3 a5 10. Qe4 g6 11. Bd3 Bg7 12. f4 O-O 13. O-O Ba6 14. b3 d5 15.
Qf3 f6 16. e6 f5 17. Bb2 Qxe6 18. cxd5 cxd5 19. Bxa6 Rxa6 20. Ba3 Rd8 21. Rfe1
Qf7 22. Re7 Qf6 23. Rae1 Bf8 24. Re8 Raa8 25. Rxf8+ Rxf8 26. Bxf8 Rxf8 27. Nxd5
Qd4+ 28. Ne3 Re8 29. Kf2 Re4 30. g3 Nd5 31. h3 Nxf4 32. Rd1 Nd3+ 33. Ke2 Qb2+
34. Kf1 Qc3 35. Nxf5 Re1+ 36. Rxe1 Qxe1+ 37. Kg2 Qd2+ 38. Kf1 gxf5 39. Qd5+ Kg7
40. Qd7+ Kf6 41. Qd8+ Ke6 42. Qe8+ Kd6 43. Qd8+ Kc6 44. Qa8+ Kd7 45. Qd5+ Ke7
46. Qxf5 Qe1+ 47. Kg2 Qe2+ 48. Kg1 Ne5 49. Qxh7+ Kd6 50. Qh6+ Kd5 51. Qg5 Qd1+
52. Kf2 Qf3+ 53. Ke1 Qe4+ 54. Kd2 Kc6 55. Kc3 Qd3+ 56. Kb2 Qd4+ 57. Kc2 Qc5+
58. Kb1 Kb7 59. h4 Qc3 60. Qg7 Qe1+ 61. Kc2 Qe2+ 0-1

[Event "42. Torneo Capablanca In Memoriam-Open"]
[Site "La Habana CUB"]
[Date "2007.05.20"]
[Round "3.40"]
[White "Linares Napoles, Oleiny"]
[Black "Moya Hernandez, Yuleisys"]
[Result "1-0"]
[WhiteElo "2241"]
[BlackElo "2115"]
[PlyCount "77"]
[EventDate "2007.05.18"]
[EventType "swiss"]
[EventRounds "9"]
[EventCountry "CUB"]
[Source "lmi"]
[SourceDate "2007.05.18"]

1. Nf3 Nf6 2. b3 g6 3. Bb2 Bg7 4. c4 d6 5. e3 Bf5 6. d3 c5 7. Be2 Nc6 8. O-O
O-O 9. Nbd2 a6 10. a3 Rb8 11. Qc2 Qc7 12. Rfc1 Rfc8 13. Rab1 b5 14. Qd1 Qa7 15.
h3 bxc4 16. Nxc4 Rb7 17. Bc3 Qb8 18. Bf1 Nd7 19. Bxg7 Kxg7 20. e4 Be6 21. d4
cxd4 22. Nxd4 Nxd4 23. Qxd4+ Kg8 24. Na5 Rb6 25. b4 Ba2 26. Ra1 Be6 27. Qe3
Rxc1 28. Rxc1 Kf8 29. Rc3 Nf6 30. Qd4 Ke8 31. Bd3 d5 32. Bc2 dxe4 33. Nc6 Qc7
34. Nxe7 Qxe7 35. Qxb6 Kf8 36. Rc7 Qe8 37. Qd6+ Kg7 38. Ba4 Qxa4 39. Qxe6 1-0

[Event "42. Torneo Capablanca In Memoriam-Open"]
[Site "La Habana CUB"]
[Date "2007.05.20"]
[Round "3.42"]
[White "Beltre, Pedro"]
[Black "Corrales Jimenez, Zenia"]
[Result "0-1"]
[WhiteElo "1966"]
[BlackElo "2185"]
[PlyCount "80"]
[EventDate "2007.05.18"]
[EventType "swiss"]
[EventRounds "9"]
[EventCountry "CUB"]
[Source "lmi"]
[SourceDate "2007.05.18"]

1. e4 c5 2. Nf3 d6 3. d4 cxd4 4. Nxd4 Nf6 5. Nc3 g6 6. Be3 Bg7 7. f3 Nc6 8. Qd2
O-O 9. h4 Bd7 10. h5 Nxh5 11. O-O-O Ng3 12. Rh2 Qa5 13. Qf2 Nxd4 14. Bxd4 Bxd4
15. Qxd4 Qg5+ 16. Kb1 Be6 17. Ne2 Nxe2 18. Bxe2 Qe5 19. Qxe5 dxe5 20. g4 Kg7
21. Bb5 Rad8 22. Rhd2 Rxd2 23. Rxd2 Kf6 24. b3 h5 25. gxh5 gxh5 26. Rh2 Rh8 27.
Kc1 Kg5 28. Kd2 Kf4 29. Ke2 Kg3 30. Rh1 Kg2 31. Rh4 Bh3 32. Be8 Kg3 33. Rxh3+
Kxh3 34. Bxf7 Kg2 35. Bd5 b6 36. f4 exf4 37. e5+ Kg3 38. Be4 h4 39. b4 Rh5 40.
Bh1 Rxe5+ 0-1

[Event "42. Torneo Capablanca In Memoriam-Open"]
[Site "La Habana CUB"]
[Date "2007.05.21"]
[Round "4.4"]
[White "Almeida Quintana, Omar"]
[Black "Baron Rodriguez, Jesus"]
[Result "1/2-1/2"]
[WhiteElo "2488"]
[BlackElo "2431"]
[PlyCount "80"]
[EventDate "2007.05.18"]
[EventType "swiss"]
[EventRounds "9"]
[EventCountry "CUB"]
[Source "lmi"]
[SourceDate "2007.05.18"]

1. d4 Nf6 2. Nf3 d5 3. c4 e6 4. Nc3 Bb4 5. Bg5 Nbd7 6. cxd5 exd5 7. Nd2 c6 8.
e3 Nb6 9. Qc2 Be6 10. Bd3 h6 11. Bh4 Be7 12. O-O O-O 13. Nf3 Nfd7 14. Bg3 c5
15. dxc5 Nxc5 16. Nb5 Nxd3 17. Qxd3 Bf6 18. Nfd4 Qd7 19. Rac1 a6 20. Rc7 Qd8
21. Nxe6 fxe6 22. Nd4 e5 23. Ne6 Qd6 24. Qf5 Rae8 25. Nxf8 Qxc7 26. Ng6 Nc4 27.
Qc2 Qf7 28. Nh4 Nd6 29. Nf3 Rc8 30. Qb1 Qe6 31. Qg6 Nf7 32. h4 Rc4 33. Qb1 Nd6
34. Rc1 Nf5 35. Rxc4 dxc4 36. Qe4 Nd6 37. Qg6 Nf7 38. Qe4 Nd6 39. Qg6 Nf7 40.
Qe4 Nd6 1/2-1/2

[Event "42. Torneo Capablanca In Memoriam-Open"]
[Site "La Habana CUB"]
[Date "2007.05.21"]
[Round "4.5"]
[White "Pozo Vera, Sandro"]
[Black "Rasmussen, Karsten"]
[Result "1-0"]
[WhiteElo "2448"]
[BlackElo "2462"]
[PlyCount "133"]
[EventDate "2007.05.18"]
[EventType "swiss"]
[EventRounds "9"]
[EventCountry "CUB"]
[Source "lmi"]
[SourceDate "2007.05.18"]

1. Nf3 d5 2. d4 Nf6 3. c4 e6 4. Nc3 c6 5. Bg5 h6 6. Bxf6 Qxf6 7. e3 Nd7 8. Bd3
dxc4 9. Bxc4 g6 10. O-O Bg7 11. Qc2 O-O 12. Ne4 Qe7 13. Bb3 e5 14. Nc3 Kh8 15.
Rad1 f5 16. e4 f4 17. d5 g5 18. dxc6 bxc6 19. Na4 g4 20. Nd2 Ba6 21. Bc4 Bb5
22. Nc3 Bxc4 23. Nxc4 Nc5 24. Nd6 Ne6 25. Nf5 Qg5 26. f3 Nd4 27. Nxd4 exd4 28.
Ne2 c5 29. fxg4 Qxg4 30. Rf3 Rac8 31. b3 Be5 32. Rdf1 Rc6 33. g3 c4 34. Nxf4
Rcf6 35. h3 Qg7 36. Nh5 Rxf3 37. Rxf3 Rxf3 38. Nxg7 Rxg3+ 39. Kf2 c3 40. Nf5 d3
41. Qxc3 Bxc3 42. Nxg3 Kg7 43. Nh5+ Kf7 44. Nf4 Bd4+ 45. Kf3 d2 46. Ke2 Kf6 47.
Kxd2 Ke5 48. Kd3 Bf2 49. Nd5 h5 50. b4 h4 51. a4 Bg1 52. b5 Kd6 53. Kc4 Ke5 54.
Kd3 Kd6 55. a5 Bf2 56. b6 axb6 57. axb6 Kc6 58. Ke2 Bg3 59. Kf3 Bh2 60. Kg4 Bg3
61. Kf5 Kd6 62. Kf6 Be5+ 63. Kf7 Kd7 64. Nf6+ Kc6 65. Ng4 Bd4 66. e5 Bxb6 67.
e6 1-0

[Event "42. Torneo Capablanca In Memoriam-Open"]
[Site "La Habana CUB"]
[Date "2007.05.21"]
[Round "4.6"]
[White "Cordova, Emilio"]
[Black "Santos, Marcus Vinicius Mor"]
[Result "1/2-1/2"]
[WhiteElo "2507"]
[BlackElo "2401"]
[PlyCount "120"]
[EventDate "2007.05.18"]
[EventType "swiss"]
[EventRounds "9"]
[EventCountry "CUB"]
[Source "lmi"]
[SourceDate "2007.05.18"]

1. d4 d5 2. Nf3 c5 3. c4 e6 4. g3 Nc6 5. Bg2 Nf6 6. O-O Be7 7. Nc3 O-O 8. cxd5
exd5 9. Bg5 cxd4 10. Nxd4 h6 11. Be3 Bg4 12. Qa4 Na5 13. Rad1 Nc4 14. Bc1 Nb6
15. Qb3 Rc8 16. h3 Bd7 17. g4 Rc4 18. Rd3 Rb4 19. Qd1 Qc8 20. Nc2 Rc4 21. Ne3
Rc5 22. Nexd5 Nbxd5 23. Nxd5 Nxd5 24. Rxd5 Be6 25. Rxc5 Qxc5 26. Qa4 b5 27. Qa6
h5 28. Be3 Qe5 29. Qxa7 Bd6 30. f4 Qxb2 31. Qb6 Bb8 32. Bf3 hxg4 33. hxg4 Qxa2
34. Qxb5 Ba7 35. Bxa7 Qxa7+ 36. Kg2 Qd4 37. Kg3 Rd8 38. Qg5 f6 39. Qa5 Rd7 40.
Qh5 Bf7 41. Qb5 Bc4 42. Qc6 Bf7 43. Rh1 Rd8 44. Qc2 g6 45. Qc1 Kg7 46. e3 Qd2
47. Qc5 Re8 48. g5 Qxe3 49. gxf6+ Kxf6 50. Qg5+ Kg7 51. Qh6+ Kf6 52. Ra1 Be6
53. Qh2 Kg7 54. Qb2+ Kf7 55. Qh2 Kg7 56. Rd1 g5 57. Qb2+ Kf7 58. Qe5 Qxf4+ 59.
Qxf4+ gxf4+ 60. Kxf4 Kf6 1/2-1/2

[Event "42. Torneo Capablanca In Memoriam-Open"]
[Site "La Habana CUB"]
[Date "2007.05.21"]
[Round "4.8"]
[White "Colovic, Aleksandar"]
[Black "Martinez, Lelys"]
[Result "1/2-1/2"]
[WhiteElo "2463"]
[BlackElo "2400"]
[PlyCount "122"]
[EventDate "2007.05.18"]
[EventType "swiss"]
[EventRounds "9"]
[EventCountry "CUB"]
[Source "lmi"]
[SourceDate "2007.05.18"]

1. c4 Nf6 2. g3 g6 3. Bg2 Bg7 4. Nc3 O-O 5. d3 c6 6. e4 d6 7. Nge2 a6 8. O-O b5
9. h3 e5 10. a3 Be6 11. b3 d5 12. exd5 cxd5 13. Bg5 Ra7 14. Nxd5 Rd7 15. Qc2
Bxd5 16. Bxd5 h6 17. Bxf6 Qxf6 18. Nc3 Rc8 19. Qe2 Nc6 20. Bxc6 Qxc6 21. Nd5
Kh8 22. Rac1 Rb8 23. b4 Re8 24. Rfe1 Red8 25. Kh2 Qe6 26. Qf3 Qc6 27. Qg2 h5
28. h4 Bh6 29. Rcd1 bxc4 30. dxc4 Qxc4 31. Nb6 Rxd1 32. Rxd1 Qc7 33. Rxd8+ Qxd8
34. Qa8 Qxa8 35. Nxa8 Bc1 36. a4 Ba3 37. b5 axb5 38. axb5 Kg7 39. b6 Kf6 40.
Nc7 Bd6 41. Na6 g5 42. Kh3 Kf5 43. hxg5 Kxg5 44. b7 f5 45. b8=Q Bxb8 46. Nxb8
f4 47. Nc6 e4 48. Nd4 fxg3 49. fxg3 e3 50. Nf3+ Kf5 51. Kg2 e2 52. Kh3 Kg6 53.
Kh4 Kh6 54. Ne1 Kg6 55. Nd3 Kh6 56. Kh3 Kg5 57. Ne1 Kf5 58. Nf3 Ke4 59. Kg2 Kf5
60. Nd4+ Kg4 61. Nxe2 h4 1/2-1/2

[Event "42. Torneo Capablanca In Memoriam-Open"]
[Site "La Habana CUB"]
[Date "2007.05.21"]
[Round "4.9"]
[White "Larduet Despaigne, Carlos"]
[Black "Leon Hoyos, Manuel"]
[Result "1/2-1/2"]
[WhiteElo "2286"]
[BlackElo "2454"]
[PlyCount "124"]
[EventDate "2007.05.18"]
[EventType "swiss"]
[EventRounds "9"]
[EventCountry "CUB"]
[Source "lmi"]
[SourceDate "2007.05.18"]

1. d4 e6 2. Nf3 c5 3. e3 Nf6 4. Bd3 Be7 5. O-O O-O 6. Nbd2 Nc6 7. c3 b6 8. a3
d5 9. Qe2 Qc7 10. dxc5 Bxc5 11. h3 e5 12. b4 Bd6 13. e4 Ne7 14. c4 d4 15. Nb3
a5 16. bxa5 bxa5 17. Nbxd4 exd4 18. e5 Ng6 19. exd6 Qxd6 20. Bxg6 hxg6 21. Rd1
Bb7 22. Nxd4 Rfe8 23. Be3 Ne4 24. Qb2 Rab8 25. Qc1 Rbc8 26. Qb2 Ba8 27. Rac1
Qe7 28. Qb6 Ng5 29. c5 Bd5 30. Qd6 Qe4 31. Qg3 Ne6 32. Nxe6 Bxe6 33. Rd4 Qb7
34. Rd3 Bd5 35. Kh2 Bc6 36. Rcd1 a4 37. R1d2 Qe7 38. Qg5 f6 39. Qg3 g5 40. Rd6
Qb7 41. Qg4 Qf7 42. Rb2 Qe7 43. Rb6 Qe5+ 44. Qg3 Qe4 45. Bd4 Ba8 46. Rb4 Qc2
47. Be3 Re5 48. Qg4 Rce8 49. Qc4+ Qxc4 50. Rxc4 Re4 51. Rxe4 Bxe4 52. Ra6 Ra8
53. Rxa8+ Bxa8 54. f4 gxf4 55. Bxf4 f5 56. Be5 Kf7 57. Kg3 g5 58. Kf2 f4 59. g3
fxg3+ 60. Kxg3 Ke6 61. Bc3 Kf5 62. Bd2 Bc6 1/2-1/2

[Event "42. Torneo Capablanca In Memoriam-Open"]
[Site "La Habana CUB"]
[Date "2007.05.21"]
[Round "4.10"]
[White "Gonzalez Perez, Arian"]
[Black "Otero, Diasmany"]
[Result "0-1"]
[WhiteElo "2430"]
[BlackElo "2366"]
[PlyCount "78"]
[EventDate "2007.05.18"]
[EventType "swiss"]
[EventRounds "9"]
[EventCountry "CUB"]
[Source "lmi"]
[SourceDate "2007.05.18"]

1. e4 e5 2. Nf3 Nc6 3. Bc4 Bc5 4. d4 Bb6 5. a4 a6 6. Nc3 Nf6 7. Nd5 Nxd5 8.
exd5 Nxd4 9. a5 Ba7 10. d6 Qf6 11. c3 Nxf3+ 12. Qxf3 Qxf3 13. gxf3 cxd6 14. Rg1
g6 15. b4 b5 16. axb6 Bxb6 17. Bd5 Rb8 18. Bg5 Bd8 19. Be3 a5 20. Rg4 f5 21.
Rc4 Ba6 22. bxa5 Rb5 23. Ba8 Rxa5 24. Rxa5 Bxc4 25. Ra7 Bd3 26. f4 Bc4 27. Bf3
Bf6 28. Kd2 e4 29. Bd1 Ke7 30. Ba4 Be6 31. c4 Rb8 32. Bb5 h6 33. Kc1 g5 34. Kd2
gxf4 35. Bxf4 Bg5 36. Ke3 d5 37. cxd5 Rxb5 38. Bxg5+ hxg5 39. dxe6 Kxe6 0-1

[Event "42. Torneo Capablanca In Memoriam-Open"]
[Site "La Habana CUB"]
[Date "2007.05.21"]
[Round "4.11"]
[White "Barrientos, Sergio"]
[Black "Alonso Garcia, Rene"]
[Result "1/2-1/2"]
[WhiteElo "2428"]
[BlackElo "2368"]
[PlyCount "41"]
[EventDate "2007.05.18"]
[EventType "swiss"]
[EventRounds "9"]
[EventCountry "CUB"]
[Source "lmi"]
[SourceDate "2007.05.18"]

1. e4 g6 2. d4 Bg7 3. Nc3 d6 4. Be3 a6 5. f4 b5 6. Nf3 Nd7 7. e5 Bb7 8. Bd3 c5
9. O-O Nh6 10. Be4 Bxe4 11. Nxe4 Nf5 12. Bf2 cxd4 13. exd6 Ne3 14. Bxe3 dxe3
15. Ne5 Nxe5 16. fxe5 O-O 17. Qd5 exd6 18. Nxd6 Ra7 19. Rae1 Rd7 20. Rf3 Bxe5
21. Qxe5 1/2-1/2

[Event "42. Torneo Capablanca In Memoriam-Open"]
[Site "La Habana CUB"]
[Date "2007.05.21"]
[Round "4.12"]
[White "Gongora Reyes, Maikel"]
[Black "Soto Paez, Oliver"]
[Result "1-0"]
[WhiteElo "2422"]
[BlackElo "2350"]
[PlyCount "91"]
[EventDate "2007.05.18"]
[EventType "swiss"]
[EventRounds "9"]
[EventCountry "CUB"]
[Source "lmi"]
[SourceDate "2007.05.18"]

1. d4 Nf6 2. c4 e6 3. Nf3 Bb4+ 4. Bd2 Qe7 5. Nc3 b6 6. g3 Ba6 7. b3 O-O 8. Bg2
c6 9. O-O d5 10. Ne5 Bb7 11. Nd3 Bd6 12. cxd5 cxd5 13. Nb5 Ba6 14. Nxd6 Bxd3
15. Nxf7 Qxf7 16. exd3 Nc6 17. Bc3 Ne8 18. Rc1 Nd6 19. Bb2 Rac8 20. f4 Nf5 21.
Re1 Nfxd4 22. b4 Nf5 23. b5 Nce7 24. Rxc8 Rxc8 25. Qe2 h5 26. Bf3 g6 27. Qxe6
Qxe6 28. Rxe6 Rc2 29. Re2 Rxe2 30. Bxe2 Kf7 31. Kf2 Nc8 32. Be5 Ke6 33. h3 Nfd6
34. a4 Ne7 35. Bd1 Nef5 36. g4 hxg4 37. hxg4 Ne7 38. Ke3 Nb7 39. Bb8 Nc8 40.
f5+ gxf5 41. Kf4 Nbd6 42. gxf5+ Kf6 43. d4 Nxf5 44. Be5+ Kg6 45. Bc2 Nce7 46.
Bd3 1-0

[Event "42. Torneo Capablanca In Memoriam-Open"]
[Site "La Habana CUB"]
[Date "2007.05.21"]
[Round "4.13"]
[White "Iturrizaga, Eduardo"]
[Black "Perez Garcia, Rodney"]
[Result "1/2-1/2"]
[WhiteElo "2398"]
[BlackElo "2421"]
[PlyCount "116"]
[EventDate "2007.05.18"]
[EventType "swiss"]
[EventRounds "9"]
[EventCountry "CUB"]
[Source "lmi"]
[SourceDate "2007.05.18"]

1. d4 d5 2. c4 c6 3. Nf3 dxc4 4. e3 Be6 5. a4 Nf6 6. Nc3 g6 7. Ng5 Bd5 8. e4 h6
9. exd5 hxg5 10. Bxc4 cxd5 11. Bb5+ Nc6 12. Bxg5 Bg7 13. O-O Qd6 14. h3 Kf8 15.
Re1 Rh5 16. h4 e6 17. g3 Rc8 18. a5 a6 19. Bxc6 Rxc6 20. Ra4 Kg8 21. Qf3 Nh7
22. Be3 Qd7 23. Qd1 Nf6 24. Qb3 Bf8 25. Ne2 Rh8 26. Nf4 Ng4 27. Bd2 Nh6 28. Nd3
f6 29. Nf4 Kf7 30. Bb4 Nf5 31. Bxf8 Rxf8 32. Rb4 Rb8 33. Nd3 Qc7 34. Ra4 Rc4
35. Rxc4 Qxc4 36. Qb6 Nxd4 37. Re3 Re8 38. Qxb7+ Re7 39. Qb8 Nf5 40. Rf3 Qg4
41. Qf4 Qxf4 42. Rxf4 d4 43. Nc5 e5 44. Rf3 e4 45. Ra3 d3 46. Kf1 Nd4 47. Ra4
Nf3 48. Ra1 f5 49. Nxa6 Nd2+ 50. Ke1 Nb3 51. Ra3 Rb7 52. Kd1 Kg8 53. Nb4 Nxa5
54. Nxd3 exd3 55. Rxa5 Rxb2 56. Ke1 Rb1+ 57. Kd2 Rf1 58. Kxd3 Rxf2 1/2-1/2

[Event "42. Torneo Capablanca In Memoriam-Open"]
[Site "La Habana CUB"]
[Date "2007.05.21"]
[Round "4.14"]
[White "Needleman, Gaston"]
[Black "Ruiz, Orlen"]
[Result "1/2-1/2"]
[WhiteElo "2416"]
[BlackElo "2321"]
[PlyCount "83"]
[EventDate "2007.05.18"]
[EventType "swiss"]
[EventRounds "9"]
[EventCountry "CUB"]
[Source "lmi"]
[SourceDate "2007.05.18"]

1. d4 d5 2. Nf3 Nf6 3. Bf4 c5 4. e3 Nc6 5. c3 Qb6 6. Na3 a6 7. Qb3 Qa5 8. dxc5
e6 9. Be2 Bxc5 10. O-O O-O 11. c4 h6 12. h3 Re8 13. cxd5 exd5 14. Nc2 Re7 15.
Qd3 Qb6 16. a3 a5 17. Rab1 a4 18. Rfd1 Re4 19. Bh2 Bf5 20. b4 axb3 21. Qxb3
Qxb3 22. Rxb3 Rea4 23. Bd3 Bxd3 24. Rdxd3 b6 25. Be5 Rc4 26. Bxf6 Rxc2 27. Bd4
Bxd4 28. Nxd4 Rc1+ 29. Kh2 Ne5 30. Rdc3 Rxc3 31. Rxc3 Nc4 32. Nc2 Ra4 33. Rd3
Ra5 34. Nb4 Rxa3 35. Rxd5 Rb3 36. Rd8+ Kh7 37. Nd5 Rb2 38. Kg3 Nd2 39. Nc3 Nf1+
40. Kf3 Nh2+ 41. Kg3 Nf1+ 42. Kf3 1/2-1/2

[Event "42. Torneo Capablanca In Memoriam-Open"]
[Site "La Habana CUB"]
[Date "2007.05.21"]
[Round "4.15"]
[White "Diamant, Andre"]
[Black "Gomez Garrido, Camilo"]
[Result "1/2-1/2"]
[WhiteElo "2384"]
[BlackElo "2413"]
[PlyCount "75"]
[EventDate "2007.05.18"]
[EventType "swiss"]
[EventRounds "9"]
[EventCountry "CUB"]
[Source "lmi"]
[SourceDate "2007.05.18"]

1. e4 c5 2. Nf3 d6 3. d4 cxd4 4. Nxd4 Nf6 5. Nc3 a6 6. Bg5 e6 7. f4 h6 8. Bxf6
Qxf6 9. Qd2 Nc6 10. Nf3 Qd8 11. O-O-O Be7 12. Kb1 Qc7 13. Bd3 Bd7 14. g4 O-O-O
15. h4 Kb8 16. g5 Qa5 17. Rdg1 Rc8 18. Bc4 Na7 19. Bb3 Nb5 20. Nxb5 Qxd2 21.
Nxd2 Bxb5 22. g6 Rcf8 23. gxf7 Rxf7 24. f5 d5 25. fxe6 Rf2 26. Rxg7 Rxd2 27.
Rxe7 dxe4 28. Re1 Bc6 29. Rf7 Rh2 30. Rf4 a5 31. a4 Re8 32. Kc1 Kc7 33. Ref1
Kd6 34. R1f2 Rh3 35. Rf1 Rh2 36. R1f2 Rh3 37. Rf1 Rh2 38. R1f2 1/2-1/2

[Event "42. Torneo Capablanca In Memoriam-Open"]
[Site "La Habana CUB"]
[Date "2007.05.21"]
[Round "4.16"]
[White "Abreu Delgado, Aryam"]
[Black "Aguero, Luis Lazaro"]
[Result "1/2-1/2"]
[WhiteElo "2498"]
[BlackElo "2263"]
[PlyCount "153"]
[EventDate "2007.05.18"]
[EventType "swiss"]
[EventRounds "9"]
[EventCountry "CUB"]
[Source "lmi"]
[SourceDate "2007.05.18"]

1. e4 c5 2. Nf3 Nc6 3. d4 cxd4 4. Nxd4 Nf6 5. Nc3 e5 6. Ndb5 d6 7. Bg5 a6 8.
Na3 b5 9. Bxf6 gxf6 10. Nd5 f5 11. Bd3 Be6 12. O-O Bxd5 13. exd5 Ne7 14. Re1
Bg7 15. c3 O-O 16. Nc2 Re8 17. Qh5 e4 18. Bf1 Rc8 19. Rad1 Rc5 20. f3 Qb6 21.
Kh1 Nxd5 22. Nd4 Nf4 23. Qg5 Ne6 24. Qh4 Nxd4 25. cxd4 Rd5 26. g4 Rxd4 27. gxf5
e3 28. Qg3 d5 29. Rc1 h6 30. Rc2 Qf6 31. Rc3 Qg5 32. Qxg5 hxg5 33. Rcxe3 Rxe3
34. Rxe3 Rd1 35. Kg2 Bxb2 36. Rd3 Rxd3 37. Bxd3 Kg7 38. Kg3 Be5+ 39. Kg4 Kf6
40. f4 gxf4 41. h4 Bd6 42. h5 Bf8 43. Kxf4 Bh6+ 44. Kf3 Ke5 45. Ke2 Kd4 46. Bc2
f6 47. a4 bxa4 48. Bxa4 Kc3 49. Bc6 d4 50. Be4 a5 51. Bc6 Bg5 52. Bb5 Bh6 53.
Bc6 d3+ 54. Kd1 Kd4 55. Bb5 Ke4 56. Bd7 Ke3 57. Bb5 Ke4 58. Bd7 a4 59. Bxa4
Kxf5 60. Be8 Ke4 61. Bg6+ Ke3 62. Bf5 d2 63. Bg6 Kf3 64. Bc2 Kg4 65. Bg6 f5 66.
Ke2 Be3 67. Be8 f4 68. Bc6 Kxh5 69. Bf3+ Kh4 70. Bc6 Kg3 71. Bd5 Kg4 72. Bf3+
Kf5 73. Kd3 Ke5 74. Bg4 Kd5 75. Bf3+ Kc5 76. Kc3 Kb5 77. Bd1 1/2-1/2

[Event "42. Torneo Capablanca In Memoriam-Open"]
[Site "La Habana CUB"]
[Date "2007.05.21"]
[Round "4.17"]
[White "Cabrera Trujillo, Jorge"]
[Black "Gonzalez Vidal, Yuri"]
[Result "1-0"]
[WhiteElo "2334"]
[BlackElo "2493"]
[PlyCount "89"]
[EventDate "2007.05.18"]
[EventType "swiss"]
[EventRounds "9"]
[EventCountry "CUB"]
[Source "lmi"]
[SourceDate "2007.05.18"]

1. e4 c6 2. d4 d5 3. Nc3 dxe4 4. Nxe4 Bf5 5. Ng3 Bg6 6. h4 h6 7. Nf3 Nd7 8. h5
Bh7 9. Bd3 Bxd3 10. Qxd3 e6 11. Bf4 Ngf6 12. O-O-O Be7 13. Kb1 O-O 14. Ne4 Qa5
15. Bd2 Qc7 16. Rdg1 Ng4 17. Ne1 c5 18. f3 Ngf6 19. g4 Nxe4 20. fxe4 cxd4 21.
g5 hxg5 22. Bxg5 Ne5 23. Qh3 Bxg5 24. Rxg5 f6 25. Rg2 Rae8 26. Rhg1 Rf7 27. Qh4
Rc8 28. Qf4 Nc4 29. Qf2 Qb6 30. b3 Na3+ 31. Kb2 Nc4+ 32. Kb1 Na3+ 33. Kb2 Qb4
34. h6 g5 35. h7+ Kg7 36. Nd3 Nc4+ 37. Kc1 Qa3+ 38. Kb1 Nd6 39. Rxg5+ fxg5 40.
Rxg5+ Kh8 41. Qg1 Rf1+ 42. Qxf1 Nxe4 43. Rg8+ Rxg8 44. hxg8=Q+ Kxg8 45. Qg2+
1-0

[Event "42. Torneo Capablanca In Memoriam-Open"]
[Site "La Habana CUB"]
[Date "2007.05.21"]
[Round "4.18"]
[White "Diaz Diaz, Joaquin Carlos"]
[Black "Borges Mateos, Juan"]
[Result "1-0"]
[WhiteElo "2323"]
[BlackElo "2482"]
[PlyCount "83"]
[EventDate "2007.05.18"]
[EventType "swiss"]
[EventRounds "9"]
[EventCountry "CUB"]
[Source "lmi"]
[SourceDate "2007.05.18"]

1. e4 e6 2. d4 d5 3. Nc3 Nf6 4. Bg5 Be7 5. e5 Nfd7 6. Bxe7 Qxe7 7. f4 a6 8. Nf3
c5 9. Qd2 Nc6 10. dxc5 Qxc5 11. Bd3 b5 12. Qf2 Qb4 13. O-O Qxf4 14. Rae1 O-O
15. Ne2 Qh6 16. Ned4 Nxd4 17. Nxd4 Bb7 18. Qg3 Nc5 19. Rf6 g6 20. Nf3 Nd7 21.
Rf4 Rae8 22. Rh4 Qg7 23. Ng5 h6 24. Nxf7 Kxf7 25. Bxg6+ Qxg6 26. Rf4+ Kg7 27.
Rg4 Qxg4 28. Qxg4+ Kh7 29. Qb4 Rf7 30. Qd6 Nf8 31. Rf1 Rd7 32. Qa3 Ng6 33. Rf6
Nxe5 34. Qh3 Nf7 35. Qh5 Ree7 36. Qg6+ Kh8 37. Rf3 d4 38. Rg3 Ng5 39. h4 Rg7
40. Qe8+ Kh7 41. hxg5 Rge7 42. Qh5 1-0

[Event "42. Torneo Capablanca In Memoriam-Open"]
[Site "La Habana CUB"]
[Date "2007.05.21"]
[Round "4.19"]
[White "Sariego, Wilfredo"]
[Black "Vera Gonzalez-Quevedo, Reynaldo"]
[Result "1/2-1/2"]
[WhiteElo "2328"]
[BlackElo "2481"]
[PlyCount "28"]
[EventDate "2007.05.18"]
[EventType "swiss"]
[EventRounds "9"]
[EventCountry "CUB"]
[Source "lmi"]
[SourceDate "2007.05.18"]

1. e4 c5 2. c3 Nf6 3. e5 Nd5 4. d4 cxd4 5. Nf3 d6 6. cxd4 e6 7. Bc4 Nb6 8. Bd3
dxe5 9. dxe5 Na6 10. O-O Nc5 11. Bc2 Qxd1 12. Rxd1 Nd5 13. a3 Bd7 14. Nbd2 Rc8
1/2-1/2

[Event "42. Torneo Capablanca In Memoriam-Open"]
[Site "La Habana CUB"]
[Date "2007.05.21"]
[Round "4.22"]
[White "Quezada Perez, Yasser"]
[Black "Ortega, Mariano"]
[Result "0-1"]
[WhiteElo "2155"]
[BlackElo "2417"]
[PlyCount "84"]
[EventDate "2007.05.18"]
[EventType "swiss"]
[EventRounds "9"]
[EventCountry "CUB"]
[Source "lmi"]
[SourceDate "2007.05.18"]

1. e4 e5 2. Nf3 Nc6 3. Nc3 Nf6 4. g3 Bc5 5. Bg2 d6 6. d3 a6 7. O-O O-O 8. Be3
Bxe3 9. fxe3 Ne7 10. Nh4 Ng6 11. Nf5 c6 12. h4 h6 13. Qf3 Nh7 14. Nd1 Bxf5 15.
Qxf5 Qe7 16. Qf3 Rfd8 17. Nc3 b5 18. d4 b4 19. Na4 Rab8 20. Qe2 a5 21. Rf5 exd4
22. exd4 c5 23. dxc5 Ne5 24. Nb6 Qc7 25. Nd5 Qxc5+ 26. Kh1 Re8 27. Raf1 Rbc8
28. c3 bxc3 29. bxc3 Rb8 30. R5f2 a4 31. Qh5 Qa7 32. Qd1 a3 33. Nb4 Re6 34. Qd5
Nf6 35. Qd2 Nh5 36. Rf3 Nxf3 37. Rxf3 Qc5 38. Kh2 Qc4 39. Rd3 Nf6 40. Rd4 Qb5
41. Qc1 Qe2 42. Qf4 Rbe8 0-1

[Event "42. Torneo Capablanca In Memoriam-Open"]
[Site "La Habana CUB"]
[Date "2007.05.21"]
[Round "4.23"]
[White "Blanco, Humberto"]
[Black "Hevia, Alejano Carlos A"]
[Result "1-0"]
[WhiteElo "2405"]
[BlackElo "2315"]
[PlyCount "77"]
[EventDate "2007.05.18"]
[EventType "swiss"]
[EventRounds "9"]
[EventCountry "CUB"]
[Source "lmi"]
[SourceDate "2007.05.18"]

1. e4 e6 2. d4 d5 3. Nd2 c5 4. exd5 Qxd5 5. Ngf3 cxd4 6. Bc4 Qd6 7. O-O Nf6 8.
Re1 Nc6 9. Nb3 a6 10. a4 Bd7 11. Nbxd4 Nxd4 12. Nxd4 Qc7 13. b3 Bb4 14. Bd2
Bxd2 15. Qxd2 O-O 16. Nf3 Bc6 17. Ne5 Be4 18. Nd7 Ng4 19. Rxe4 Qxh2+ 20. Kf1
Qh1+ 21. Ke2 Qxa1 22. Rxg4 Rfd8 23. Qd4 Qxd4 24. Rxd4 g5 25. Nf6+ Kg7 26. Rxd8
Rxd8 27. Ne4 g4 28. Nc5 b5 29. axb5 axb5 30. Bxb5 Rc8 31. b4 Rb8 32. c4 h5 33.
g3 Kg6 34. Na6 Rh8 35. Bc6 f5 36. b5 f4 37. gxf4 Rc8 38. Be4+ Kf6 39. c5 1-0